Paul Revere - Noah Kahan (All Lyrics) - Statistics

General Stats
  • This quiz has been taken 101 times
  • The average score is 207 of 256
Answer Stats
Lyrics % Correct
I
100%
a
98%
I'm
98%
"I'm
98%
and
96%
And,
96%
And
96%
hear
96%
the
96%
The
96%
it
95%
not
95%
Paul
95%
Revere
95%
I'll
93%
go
91%
just
91%
like
91%
me
91%
say,
91%
they
91%
when
91%
who
91%
in
89%
its
89%
It's
89%
am
88%
around
88%
ask
88%
from
88%
here"
88%
gonna
86%
my
86%
to
86%
day
84%
day,
84%
leave
84%
leave,
84%
we
84%
didn't
82%
Ride
82%
where
82%
had
80%
One
80%
pretend
80%
If
79%
This
79%
clear
77%
cut
77%
left
77%
of
77%
too
77%
already
75%
But
75%
could
75%
down
75%
place
75%
see
75%
up
75%
was
75%
would've
75%
dog
73%
that
73%
until
73%
Until
73%
chain
71%
disappear
71%
fear
71%
fence
71%
heartbeat
71%
never
71%
nothing
71%
buried
70%
car,
70%
grass
70%
is
70%
link
70%
makes
70%
New
70%
or
70%
road
70%
same
70%
way
70%
out
68%
patch
68%
simple,
68%
typical,
68%
We'll
68%
world
68%
Year's,
68%
ain't
66%
behind
66%
Free
66%
ready
66%
sense
66%
are
64%
Die"
64%
drink
64%
looking
64%
music
64%
countin'
63%
house
63%
let
63%
Mailboxes
63%
plates
63%
turn
63%
yard
63%
before
61%
Before
61%
boys
61%
license
61%
proud
61%
sun
61%
they'll
61%
those
61%
Folks
59%
high
59%
line,
59%
mountains,
59%
then
59%
clean
57%
County
57%
"Live
57%
'til
57%
yet
57%
joggers,
55%
bought
54%
drunk,
54%
forget
54%
Yes,
54%
ends,
52%
Their
52%
crew's
50%
Vail
48%
No matching quizzes found
Score Distribution
Percent of People with Each Score
Percentile by Number Answered
Your Score History
You have not taken this quiz